MDQL
is popping MORE tags! Check the
thread
!
Quizzes
Events
Quiz Creation
Community
Videos
Private Events
Remove Ads
Sign In
Join for FREE
Feedback
Dark Mode
Quiz Categories
Sports
Geography
Music
Movies
Television
Just For Fun
Miscellaneous
History
Literature
Language
Science
Gaming
Entertainment
Religion
Holiday
For Kids
Quiz Lab
Recent
Popular Today
Quiz Kudos Today
Editor Picks
Curator Picks
Quizzes by...
Day
Popularity
Type
Ratings
Length
Year
Community
Subscriptions
Recent Discussions
Orange Saloon
Badges
Playlists
Quests
Create
Leaderboards
Showdown
Live 5
Trivia Bingo
Activity
Puzzle Library
Sporcle Events
Private Events
Virtual Trivia
Globe League
Become a Host
Pub Owners
SporcleCon
Opinionation
Our Games
Videos
Blog
Mobile Apps
Partnerships
Remove Ads and Go Orange
Feedback
Sports
Athletes
MLB
NBA
NHL
NFL
Soccer
Sports Teams
WWE
NCAA
Football
Premier League
Basketball
Baseball
Hockey
Golf
Tennis
Cricket
Rugby
Auto Racing
Olympics
World Cup
Sports
Athletes
MLB
NBA
NHL
NFL
Soccer
Sports Teams
WWE
NCAA
Football
Premier League
Basketball
Baseball
Hockey
Golf
Tennis
Cricket
Rugby
Auto Racing
Olympics
World Cup
Random Quiz
Search Sporcle
×
Quiz Lab
Quiz Lab
Sports
MLB
Type in answers that appear in a list
Type in answers that appear in a list
Classic
Best Score? Go Orange.
MLB: Best single season ERA by team (since 1920) Stats
Can you name the MLB pitchers with the best single season ERA for their team (Live Ball Era)?
By
thunderpumpkins
8m
30 Questions
1,674 Plays
1,674 Plays
1,674 Plays
Comments
Comments
Give Quiz Kudos
Give Quiz Kudos
-
- Ratings
hide this ad
More Info
Replay
Link that replays current quiz
Next Quiz
Link to next quiz in quiz playlist
You Got
0%
They Got
Avg Score
51%
Avg Friend Score
Upgrade to see
Score Distribution
Jump to the score distribution portion of the page
Score
0/30
Timer
08:00
0
Plays Today
Team (With Current City)
Name
% Correct
Arizona Diamondbacks
Randy Johnson
98.2%
Atlanta Braves
Greg Maddux
95.2%
Boston Red Sox
Pedro Martinez
94.3%
Washington Nationals
Pedro Martinez
94.3%
Seattle Mariners
Felix Hernandez
85.6%
St. Louis Cardinals
Bob Gibson
85.3%
Los Angeles Dodgers
Sandy Koufax
84.8%
New York Mets
Dwight Gooden
82.5%
Houston Astros
Nolan Ryan
82.5%
Tampa Bay Rays
David Price
79.5%
Philadelphia Philles
Steve Carlton
76.5%
Toronto Blue Jays
Roger Clemens
72.6%
Colorado Rockies
Ubaldo Jimenez
66.8%
Oakland Athletics
Vida Blue
64.3%
Miami Marlins
Kevin Brown
60.9%
Team (With Current City)
Name
% Correct
Detroit Tigers
Hal Newhouser
48.7%
Baltimore Orioles
Dave McNally
40.2%
San Francisco Giants
Carl Hubbell
39.7%
Cleveland Indians
Luis Tiant
33.2%
Chicago Cubs
Grover Alexander
32.6%
Los Angeles Angels of Anaheim
Dean Chance
28.8%
New York Yankees
Spud Chandler
18.6%
Milwaukee Brewers
Mike Caldwell
16.7%
Pittsburgh Pirates
Bob Veale
15.6%
San Diego Padres
Dave Roberts
14.9%
Chicago White Sox
Joe Horlen
11.9%
Cincinnati Reds
Dolf Luque
11.6%
Kansas City Royals
Roger Nelson
5.8%
Minnesota Twins
Roger Wolff
2.9%
Texas Rangers
Mike Paul
2.8%
Quiz Playlist
Details
Report
Send in Message
Add To Playlist
More Info:
This quiz only takes into account pitchers who qualify(min. 1 IP/team game played) and seasons that occured during the live ball era.
Classic:
Type in answers that appear in a list
Quiz Source
Last Updated: Feb 16, 2017
Quiz Scoreboard
CHALLENGE
Sign Up to Join the Scoreboard
Show All
Scores
Hide
Comments
May contain spoilers
Recently Published
Image Sorting: Flags VI
by Barbecue
Geography
2m
Find the 'City' Movie
by crazypaving
Movies
60s
Colored Red Africa Blitz
by spor1
Geography
45s
More to Explore
Quiz From the Vault
Featured Blog Post
14 Easter Pick-up Lines to Find Eggs With
hide this ad
You Might Also Like...
Tags
Baseball Quiz
MLB Quiz
ERA Champions
ERA Leaders
ERA Pitchers
MLB MVP
Pitchers
Pitching Leaders
Pitching Statistics
Single Season
Today's Top Quizzes in Sports
Browse Sports
hide this ad
Today's Top Quizzes in MLB
Browse MLB
Top Contributed Quizzes in Sports
1
Les meilleurs buteurs des matchs entre le PSG et l’OM
2
Les entraîneurs de l'OM et du PSG au 21e siècle
3
Les joueurs passés par le PSG et l'OM
4
2022 World Cup Stars
5
Players with Multiple 50 Home Run Seasons
6
Criteria MLB: Left Handed Sluggers
7
Les joueurs passés par le LOSC et le RC Lens
8
NBA Logic Puzzle 2.0
9
MLB Players with Two .350 Batting Average Seasons
10
FIFA Club World Cup Champions
Explore More
Trending Topics
Harry Potter
Crossword
Disney
NBA
Marvel
Anime
Kpop
WWE
NFL
The Office
Country
Song
Puzzle
Pokémon
Soccer
hide this ad
More By:
thunderpumpkins
Quiz
Plays
Rating
Category
Featured
Created
MLB: 10+ WAR Since 1920 (Live Ball Era)
6,589
4.52
Sports
Dec 10, 2012
MLB 300+ Strikeouts Single Season (since 1920)
5,237
4.39
Sports
Nov 26, 2012
NFL Players with 100 Rec, 1000 Rec Yds, and 10 Rec TD
4,923
4.54
Sports
Dec 1, 2012
WRC rally champions
3,250
5.00
Sports
Nov 26, 2012
MLB: 250 SB's and 250 HR's
1,817
4.36
Sports
Nov 26, 2012
Go to Creator's Profile
Score Distribution
Quiz Creator Spotlight
thunderpumpkins
Follow
Send a Message
Quizzes Created
-
Created Quiz Play Count
-
More By This Creator
Popular Quizzes Today
1
Colored Red Africa Blitz
2
Find the US States - No Outlines Minefield
3
Find the 'City' Movie
4
5x2 Blitz: Bands
5
The Countries of the World
6
Find the US States
7
Find the Countries of Europe - No Outlines Minefield
8
US States
More Sports Quizzes
Modern Pentathlon
Published
Trending Quizzes
Colored Red Europe Blitz I
Colored Red Europe Blitz II
Colored Red Africa Blitz II
Colored Red Europe Blitz III
Colored Red Africa Blitz III
Recently Updated
How Do You Spell That?
pecheneg
Godzilla Movies
pecheneg
Grab Bag: 4-10 Letters
pecheneg
2024 March Madness Bracket
pecheneg
Famous TV Couples
Peacemaker
Champions League XIs: Real Madrid
pecheneg
Largest US Cities 1790-2010
pecheneg
Rides in Walt Disney World
pecheneg
Most Oscar Losses (Acting)
pecheneg
Beyoncé Albums
pecheneg
Trending Topics
Harry Potter
Disney
Kpop
Crossword
NBA
Marvel
Anime
WWE
Song
Puzzle
Pokémon
Country
The Office
NFL
Soccer
Your Account Isn't Verified!
In order to create a playlist on Sporcle, you need to verify the email address you used during registration. Go to your
Sporcle Settings
to finish the process.
Report this User
Report this user for behavior that violates our
Community Guidelines
.
Details:
Send Report
Go to the Sporcle.com Mobile Site →
Comments